Space Exploration

Bibliographic Details
Main Author: Yusof
Format: Book
Language:English
Published: Selangor : Pustaka Murni , 2005
Series:Science Around Us
Subjects:

MARC

LEADER 00000cam a2200000 7i4500
001 0000067610
005 20090828.0
008 090828 eng
020 |a 983078326X 
090 0 0 |a J 823 YUS 
100 1 |a Yusof 
245 1 0 |a Space Exploration   |c Yusof 
260 |a Selangor :   |b Pustaka Murni ,   |c 2005 
300 |a 123p. :   |b ill. ;   |c 21cm. 
440 0 |a Science Around Us 
650 0 0 |a Science Fiction 
999 |a 0000051750   |b Buku   |c Koleksi Pinjaman Kanak-Kanak   |e Perbadanan Perpustakaan Awam Melaka 
999 |a 0000051751   |b Buku   |c Koleksi Pinjaman Kanak-Kanak   |e PK Melaka Mall 
999 |a 0000051752   |b Buku   |c Koleksi Pinjaman Kanak-Kanak   |e Perbadanan Perpustakaan Awam Melaka 
999 |a 0000051753   |b Buku   |c Koleksi Pinjaman Kanak-Kanak   |e Perbadanan Perpustakaan Awam Melaka 
999 |a 0000051754   |b Buku   |c Koleksi Pinjaman Kanak-Kanak   |e Perpustakaan Cawangan Jasin 
999 |a 0000051755   |b Buku   |c Koleksi Pinjaman Kanak-Kanak   |e Perpustakaan Cawangan Masjid Tanah 
999 |a 0000051756   |b Buku   |c Koleksi Pinjaman Kanak-Kanak   |e Perpustakaan Cawangan Merlimau 
999 |a 0000051757   |b Buku   |c Koleksi Pinjaman Kanak-Kanak   |e Perbadanan Perpustakaan Awam Melaka 
999 |a 0000051758   |b Buku   |c Koleksi Pinjaman Kanak-Kanak   |e Perbadanan Perpustakaan Awam Melaka 
999 |a 0000051759   |b Buku   |c Koleksi Pinjaman Kanak-Kanak   |e Perbadanan Perpustakaan Awam Melaka 
999 |a 0000083574   |b Buku   |c Koleksi Pinjaman Kanak-Kanak   |e Perbadanan Perpustakaan Awam Melaka 
999 |a 0000083575   |b Buku   |c Koleksi Pinjaman Kanak-Kanak   |e Perbadanan Perpustakaan Awam Melaka 
999 |a 0000083576   |b Buku   |c Koleksi Pinjaman Kanak-Kanak   |e Perbadanan Perpustakaan Awam Melaka 
999 |a 0000083577   |b Buku   |c Koleksi Pinjaman Kanak-Kanak   |e Perpustakaan Rumah Kasih Tun Abdul Aziz